| 000 | 00449nam a2200181Ia 4500 | ||
|---|---|---|---|
| 005 | 20240708030410.0 | ||
| 008 | 240331s9999 xx 000 0 und d | ||
| 020 | _a 0415185440 | ||
| 082 |
_a170 _bTHO |
||
| 100 | _aThompson, J | ||
| 245 | 0 |
_aDiscourse and aknowledge : _bdefence of a collectivist Ethics |
|
| 260 |
_aLondon _bRoutledge _c1998 |
||
| 300 | _av, 155 p ., | ||
| 650 | _aPhilosophy | ||
| 650 | _aEthic | ||
| 650 | _aSocial | ||
| 942 | _cL | ||
| 999 |
_c767 _d767 |
||